Normal view
MARC view
Entry Personal Name
001 - CONTROL NUMBER
- control field: 2600
003 - CONTROL NUMBER IDENTIFIER
- control field: HDC
005 - DATE AND TIME OF LATEST TRANSACTION
- control field: 20230624073131.0
008 - FIXED-LENGTH DATA ELEMENTS
- fixed length control field: 210108|| aca||aabn | a|a d
040 ## - CATALOGING SOURCE
- Original cataloging agency: HDC
- Transcribing agency: HDC
100 ## - HEADING--PERSONAL NAME
- Personal name: Lilis Khairunnisah
670 ## - SOURCE DATA FOUND
- Source citation: Work cat.: (HDC): Abdul Hamid, author, 2597, An Empirical Re-Examination of the Islamic Banking Performance in Indonesia /, 2017
